[Event "AUT-ch Open 2020"]
[Site "Graz"]
[Date "2020.02.20"]
[Round "8.9"]
[White "Nitin, S.."]
[Black "Lodici, Lorenzo"]
[Result "1/2-1/2"]
[WhiteElo "2353"]
[BlackElo "2492"]
[Annotator "ChessBase"]
[PlyCount "61"]
[EventDate "2020.02.14"]
[EventType "swiss"]
[EventCountry "AUT"]
[SourceTitle "playchess.com"]
[Source "ChessBase"]
[SourceQuality "1"]
[TimeControl "40/5400+30:1800+30"]

1. e4 {[%emt 0:00:12]} c6 {[%emt 0:00:00]} 2. Nc3 {[%emt 0:00:57]} d5 {[%emt 0:00:00]} 3. Nf3 {[%emt 0:00:11]} Bg4 {[%emt 0:08:52]} 4. h3 {[%emt 0:00:42]} Bxf3 {[%emt 0:00:04]} 5. Qxf3 {[%emt 0:00:23]} Nf6 {[%emt 0:00:14]} 6. d3 {[%emt 0:03:22]} e6 {[%emt 0:00:17]} 7. Bd2 {[%emt 0:01:24]} Bb4 {[%emt 0:03:36]} 8. e5 {[%emt 0:00:21]} Nfd7 {[%emt 0:01:20]} 9. Qg4 {[%emt 0:00:34]} Bf8 {[%emt 0:03:41]} 10. d4 {[%emt 0:03:20]} c5 {[%emt 0:05:38]} 11. dxc5 {[%emt 0:14:21]} Nc6 {[%emt 0:01:48]} 12. f4 {[%emt 0:11:18]} Nxc5 {[%emt 0:01:39]} 13. O-O-O {[%emt 0:01:09]} a6 {[%emt 0:04:14]} 14. Kb1 {[%emt 0:10:07]} h5 {[%emt 0:08:43]} 15. Qg3 {[%emt 0:09:00]} Qc7 {[%emt 0:04:32]} 16. Be3 {[%emt 0:04:57]} O-O-O {[%emt 0:01:16]} 17. Qf2 {[%emt 0:00:33]} Qa5 {[%emt 0:01:36]} 18. Be2 {[%emt 0:09:10]} h4 {[%emt 0:03:47]} 19. Bf3 {[%emt 0:05:17]} Kb8 {[%emt 0:08:16]} 20. Bd2 {[%emt 0:01:29]} Qb6 {[%emt 0:06:59]} 21. Be3 {[%emt 0:00:28]} Qa5 {[%emt 0:02:02]} 22. Bd2 {[%emt 0:00:09]} Na4 {[%emt 0:05:04]} 23. Nxa4 {[%emt 0:03:24]} Qxa4 {[%emt 0:00:02]} 24. f5 {[%emt 0:00:14]} Rc8 {[%emt 0:06:00]} 25. fxe6 {[%emt 0:01:01]} fxe6 {[%emt 0:00:01]} 26. Bg4 {[%emt 0:00:19]} Nd8 {[%emt 0:04:47]} 27. Bg5 {[%emt 0:03:55]} Bc5 {[%emt 0:00:52]} 28. Qf3 {[%emt 0:00:19]} Bd4 {[%emt 0:03:39]} 29. Qb3 {[%emt 0:06:53]} Qxb3 {[%emt 0:00:13]} 30. axb3 {[%emt 0:00:07]} Bxe5 {[%emt 0:00:04]} 31. Bxd8 {[%emt 0:00:14]} 1/2-1/2

[Event "AUT-ch Open 2020"]
[Site "Graz"]
[Date "2020.02.20"]
[Round "8.9"]
[White "Advait, Bagri"]
[Black "Li, Henry"]
[Result "0-1"]
[WhiteElo "2185"]
[BlackElo "2310"]
[Annotator "TA"]
[PlyCount "48"]
[EventDate "2020.02.14"]
[EventType "swiss"]
[EventCountry "AUT"]
[SourceTitle "playchess.com"]
[Source "ChessBase"]
[SourceQuality "1"]

{[%evp 21,70,63,52,69,77,30,40,0,0,-51,51,47,46,56,44,-60,-64,-58,-62,-74,-14,-13,-8,-99,-88,-85,-86,-481,-344,-335,-289,-335,-305,-302,-270,-229,-223,-223,-237,-847,-786,-682,-563,-867,-663,-1024,-1002,-29986,-123,-29987,-29988]} 1. e4 c5 2. Nf3 e6 3. d4 cxd4 4. Nxd4 Nc6 5. Nc3 Qc7 6. Be3 a6 7. Qd2 Nf6 8. O-O-O Be7 9. f3 Nxd4 10. Qxd4 d6 11. g4 O-O 12. h4 {B80: Sicilian Scheveningen: 6 g3 and 6 Be3, including English Attack.} b5 {[#]} 13. a3 $146 ({Predecessor:} 13. h5 Rb8 14. g5 Ne8 15. f4 b4 16. Na4 e5 17. Qc4 exf4 18. Bxf4 Qa5 19. b3 Bxg5 20. Bxg5 Qxg5+ {0-1 (41) Espinosa Veloz,E (2467)-Corrales Jimenez,F (2586) Havana 2011}) 13... Rb8 14. g5 {White is slightly better.} Nh5 $1 15. Bh3 (15. Qa7 $11 Qxa7 16. Bxa7) 15... b4 ({Black should play} 15... a5 $1 $15) 16. axb4 $14 d5 17. exd5 {Strongly threatening d6.} Bxb4 18. Bg4 (18. dxe6 $14 Bxe6 19. Bxe6 fxe6 20. Bd2) 18... Ng3 $15 {[%mdl 1024] And now ...Bxc3 would win. Black has compensation.} 19. Rhe1 e5 20. Qd3 Qa5 (20... e4 $1 $17 {[%cal Re4d3]} 21. d6 (21. Nxe4 $2 Nxe4 22. Bb6 Qxb6 $19) 21... Qa5) 21. Bf2 $11 e4 $1 {[%cal Re4d3]} 22. Qd4 (22. fxe4 $11 {remains equal.} Bxg4 23. Bxg3) 22... Bxg4 $17 23. fxg4 Rbc8 $1 $40 {[%cal Rc8c3][%mdl 128] Black goes for the king.} (23... Qa1+ 24. Kd2 $16) 24. Kd2 $2 {[%mdl 8192]} ({Don't blunder} 24. Bxg3 $2 Rxc3 25. Kb1 (25. bxc3 $2 Bxc3 26. Qxc3 Qxc3 $19) 25... Rxg3 $17) (24. Re3 $17 Qa1+ 25. Kd2 Nf1+ {[%mdl 64] Double Attack} 26. Ke2 Qxb2 {[%mdl 64] Double Attack} 27. Nxe4 (27. Kxf1 $2 Bc5 $19 {[%mdl 64] Skewer}) (27. Rxf1 $2 Bxc3 28. Qxe4 Bd4 $19) 27... Qxd4 28. Rxd4 Nxe3 29. Kxe3) 24... Bc5 {Played: Rf8-d8} 0-1

[Event "AUT-ch Open 2020"]
[Site "Graz"]
[Date "2020.02.20"]
[Round "8.10"]
[White "Ongut, Tamas Gunes"]
[Black "Pavlov, Mark"]
[Result "1/2-1/2"]
[WhiteElo "2302"]
[BlackElo "2152"]
[Annotator "TA"]
[PlyCount "67"]
[EventDate "2020.02.14"]
[EventType "swiss"]
[EventCountry "AUT"]
[SourceTitle "playchess.com"]
[Source "ChessBase"]
[SourceQuality "1"]

{[%evp 16,67,35,38,116,119,122,107,137,85,123,103,95,75,89,82,83,74,81,0,60,0,0,0,59,-81,-81,-79,-72,-73,-41,-39,0,0,0,0,112,115,143,149,203,191,774,69,249,0,0,0,0,0,0,0,0,0]} 1. e4 d6 2. d4 Nf6 3. Nc3 g6 4. Nf3 Bg7 5. Be3 c6 6. Qd2 b5 7. Bd3 Nbd7 8. Bh6 {8.h3 is vanishing.} Bxh6 9. Qxh6 Qc7 {B08: Pirc Defence: Classical System.} (9... e5 $1 $14) 10. O-O $16 {[#]} e5 $146 ({Predecessor:} 10... Bb7 11. Rfe1 e5 12. dxe5 dxe5 13. a4 b4 14. Nb1 Qd6 15. Nbd2 Qe7 16. h3 Nh5 {1-0 (39) Hodgson,J (2615)-Shchekachev,A (2500) Linares 1996}) 11. a4 b4 {White is better.} 12. Ne2 (12. dxe5 $142 dxe5 13. Nd1) 12... a5 13. dxe5 dxe5 14. Ng5 Rf8 15. Nxh7 Nxh7 16. Qxh7 Nc5 17. f4 ({Better is} 17. Qh6 $16) 17... Be6 (17... Bg4 $11 18. Rae1 O-O-O) 18. Qg7 (18. Qh4 $1 $14) 18... O-O-O $11 19. fxe5 ({Avoid the trap} 19. Qxe5 $2 Qb6 $19) 19... Rh8 (19... Rg8 $11 20. Qf6 g5) 20. Qf6 (20. Nf4 $1 $14) 20... Nd7 $17 {[%mdl 64] Double Attack} 21. Qf4 Nxe5 22. Rad1 Qb6+ 23. Kh1 Rh5 (23... Ng4 $5 24. h3 $8 Kb7 $11) 24. h3 $36 {[%mdl 2048] White is pushing.} Rdh8 25. Ng3 Nxd3 (25... Bxh3 $1 $11 {keeps the balance.} 26. Nxh5 Bg4 {[%mdl 64] Pin} 27. Qxe5 Rxh5+ 28. Qxh5 Bxh5) 26. Rxd3 $16 Rh4 27. Qf6 $1 Qc5 (27... Qc7 $16 {was called for.} 28. Rf2 Kb7) 28. Rfd1 $1 $18 {Threatens to win with Rd8+.} Qxc2 $2 (28... Bxh3 29. Rd8+ (29. gxh3 Rxh3+ 30. Kg2 Qxc2+ 31. R3d2 Rh2+ 32. Kf1 Rxd2 $16) 29... Kb7 30. Rxh8 Bxg2+ {[%mdl 64] Decoy} 31. Kxg2 Qxc2+ 32. Qf2 Qxf2+ 33. Kxf2 Rxh8) 29. Rd8+ $2 (29. Qe7 $18 Kb8 30. Kg1) 29... Kb7 $14 {[#] And now ...Rxh3+! would win.} 30. R1d2 $2 (30. R1d7+ $1 $18 {[%mdl 512]} Bxd7 31. Rxd7+ Kc8 32. Qd6 Rxh3+ 33. Kg1 Rh1+ 34. Nxh1 Qc1+ 35. Qd1 Qxd1+ 36. Rxd1) 30... Qc1+ $11 {The position is equal.} 31. Kh2 {Black must now prevent R2d7+!} Rxd8 32. Rxd8 {Intending Qe7+ and mate.} Qf4 33. Qe7+ Kb6 {Strongly threatening ...Bxh3!} 34. Ra8 {Accuracy: White = 62%, Black = 50%.} 1/2-1/2

[Event "AUT-ch Open 2020"]
[Site "Graz"]
[Date "2020.02.20"]
[Round "8.10"]
[White "Steindl, Johannes"]
[Black "Santiago, Yago De Moura"]
[Result "0-1"]
[WhiteElo "2273"]
[BlackElo "2488"]
[Annotator "TA"]
[PlyCount "156"]
[EventDate "2020.02.14"]
[EventType "swiss"]
[EventCountry "AUT"]
[SourceTitle "playchess.com"]
[Source "ChessBase"]
[SourceQuality "1"]

{[%evp 16,156,14,13,15,0,0,0,0,0,5,0,52,0,20,33,145,103,195,73,56,-10,29,-11,95,0,0,-5,8,0,0,0,8,-22,-24,-47,0,-143,-60,-91,-64,-83,-72,-75,182,193,169,174,202,212,212,145,152,144,175,163,302,0,0,-248,-253,-233,-17,-237,-241,-245,-243,-234,-225,-214,-187,-186,-183,-187,-180,-185,-162,-176,-141,-418,-429,-418,-370,-1195,-525,-505,-360,-758,-104,-104,-104,-104,-104,-104,-112,-112,0,0,0,-13,-13,-13,0,0,0,-1650,-119,-119,-119,-1166,-119,-119,0,0,0,-126,-126,-126,-449,-12831,0,0,0,0,0,-12836,-12834,-12850,-12850,-12850,-12851,-12851,-12851,-12851,-12851,-12851,-12851,-12851,-12851,-12851,-12851,-12851,-27999]} 1. e4 e6 2. d4 d5 3. Nc3 Nf6 4. e5 Nfd7 5. f4 c5 6. Nf3 Nc6 7. Be3 Be7 8. Qd2 a6 9. dxc5 Nxc5 {C11: French: Classical System: 4 e5 and 4 Bg5 dxe4.} 10. O-O-O Qa5 11. Bd3 b5 {And now ...b4 would win.The position is equal.} 12. Kb1 b4 13. Ne2 O-O (13... Bd7 $11) 14. h4 {[#]} ({Better is} 14. Bxc5 $14 Qxc5 15. Nfd4) 14... Ne4 $146 (14... b3 $5 {[%cal Ra5a2]} 15. Qxa5 (15. axb3 Nb4 $15) 15... bxc2+ 16. Bxc2 Nxa5 $11) ({Predecessor:} 14... Nxd3 15. Qxd3 Qb5 16. Qd2 a5 17. Ned4 Nxd4 18. Nxd4 Qc4 19. g4 f6 20. exf6 Bxf6 {½-½ (48) Sethuraman,S (2651)-Vidit,S (2651) Thiruvarur 2015}) 15. Qe1 f5 (15... Qc7 $14) 16. exf6 $1 $16 Bxf6 (16... Nxf6 $16 {was called for.} 17. Ned4 Nxd4 18. Bxd4 Bc5) 17. Bxe4 (17. Ng5 $18) 17... dxe4 18. Ng5 (18. Nfd4 $14 Qc5 19. Qf2 Nxd4 20. Bxd4 Bxd4 21. Qxd4 Qxd4 22. Rxd4) 18... e5 19. Rd6 (19. Ng3 $5 {[%cal Re1e2]}) 19... Qc7 (19... Qb5 $11) 20. Nxe4 (20. Qd2 $16 {Strongly threatening Qd5+.} Ne7 21. Qxb4 (21. Nxe4 Nf5 $16)) 20... Be7 $11 21. Rd2 Bf5 22. N4g3 Bg4 {[%cal Re5f4]} 23. f5 a5 24. Qf2 a4 25. Bc5 b3 26. a3 (26. Nc3 $11 {remains equal.}) 26... Na5 (26... Qa5 $17 27. Be3 Rad8) 27. Bb6 Qb7 28. Bxa5 $1 Rxa5 29. Qe3 Bxa3 $2 {[%mdl 8192]} (29... Qxg2 $17 {keeps the pressure on.} 30. cxb3 Bxf5+ 31. Ka1 Bg4) 30. bxa3 $18 bxc2+ 31. Ka1 Rb8 {[%csl Gb8][%cal Rb7b2]} 32. Rxc2 Rb5 33. Nc3 Rb3 34. Qc5 Rc8 35. Qxe5 {Nb5! is the strong threat.} Qf7 (35... Rxa3+ $2 36. Na2 $18) (35... Qd7 $142) 36. Rhc1 $2 (36. Rb1 $1 $18) 36... Rxa3+ $11 37. Na2 $2 (37. Kb1 $11 {and White is okay.} Rb3+ 38. Ka1 Ra3+ 39. Kb1 Rb3+ 40. Ka1 Ra3+) 37... Rxa2+ $1 $19 {[%mdl 64] Remove Defender, Deflection} 38. Rxa2 Rxc1+ 39. Kb2 Rc8 $1 $40 {[%mdl 128] Black goes for the king.} ({Not} 39... Rc2+ 40. Kxc2 Qxa2+ 41. Kc1 $15) 40. Qe6 Qxe6 41. fxe6 {[%mdl 4096] Endgame KRB-KRN} Rb8+ ({Stronger than} 41... Bxe6 42. Rxa4 h6 43. Ne2 $11) 42. Kc1 Ra8 ({And not} 42... Bxe6 43. Rxa4 h6 44. Nh5 $11) 43. e7 {Black should prevent Rxa4!} Kf7 44. Ne4 Kxe7 45. Nc3 Bd7 $1 46. Nd5+ Kd8 47. Nb6 $2 {[%mdl 8192]} (47. Ra3 $17) 47... Ra6 48. Nxd7 Kxd7 {KR-KR} 49. Rf2 $2 (49. Ra3 Ke6 50. Rg3) 49... Rf6 (49... a3 $142 50. Kb1 Rb6+ 51. Ka1 Rg6) 50. Rd2+ Kc6 51. Rd4 $2 (51. Kb2 Rf4 52. h5) 51... Kb5 $2 (51... Rf1+ $1 $19 52. Kb2 Rf2+ 53. Kb1 Rxg2 54. Rxa4 h5) 52. g4 Rc6+ $1 53. Kb2 Rc4 54. Rd5+ Kb4 55. Rg5 a3+ (55... Rc7 $1 $17 56. h5 Re7) 56. Ka2 $1 $11 Rc2+ 57. Kb1 Kb3 58. Rb5+ Ka4 59. Rg5 $1 Rc7 60. Rf5 $2 {[%mdl 8192]} (60. Ka2 $11) 60... Kb3 $19 {( -> ...a2+)} 61. Rb5+ Kc4 62. Ra5 $2 {[%mdl 8192]} (62. Rf5 $17) 62... Kb4 $2 (62... Kd4 $1 $19 {has better winning chances.} 63. Ka2 Ke3) 63. Rg5 $17 Ra7 (63... Kc3 $1 $17 64. h5 Kb4) 64. Ka2 $11 Kc4 65. Rf5 (65. Rh5 $1 $11 {was the only way to keep the balance.}) 65... Kd4 $1 $17 66. h5 {[#]} Ke4 $1 67. h6 (67. Rf8 $142 Ra5 68. Rf7) 67... gxh6 $2 (67... g6 $19 68. Rf6 Ke5) 68. Rf6 Ke5 (68... h5 {keeps more tension.} 69. gxh5 Ke3 70. Rf1 Ra5 71. Rf7 h6) 69. Rf5+ Ke6 70. Rh5 $2 {[%mdl 8192] [#]} (70. Rf3 $11) 70... Kf6 $1 $19 {[%cal Rf6g6] Black is clearly winning.} 71. Rxh6+ {[#]} Kg5 $1 72. Rh1 Kxg4 73. Rg1+ Kf5 74. Rf1+ Kg6 75. Rg1+ Kf7 76. Rh1 Kg7 77. Rg1+ Kh8 78. Rh1 Ra6 {Both players deserved the win here. Accuracy: White = 62%, Black = 63%.} 0-1

[Event "AUT-ch Open 2020"]
[Site "Graz"]
[Date "2020.02.20"]
[Round "8.11"]
[White "Froewis, Georg"]
[Black "Ozturk, Kubra"]
[Result "1-0"]
[WhiteElo "2461"]
[BlackElo "2286"]
[Annotator "ChessBase"]
[PlyCount "55"]
[EventDate "2020.02.14"]
[EventType "swiss"]
[EventCountry "AUT"]
[SourceTitle "playchess.com"]
[Source "ChessBase"]
[SourceQuality "1"]
[TimeControl "40/5400+30:1800+30"]

1. c4 {[%emt 0:00:00]} e5 {[%emt 0:01:01]} 2. Nc3 {[%emt 0:00:00]} Bb4 {[%emt 0:00:20]} 3. Qc2 {[%emt 0:00:00]} Nf6 {[%emt 0:00:31]} 4. Nf3 {[%emt 0:01:01]} Nc6 {[%emt 0:01:13]} 5. e3 {[%emt 0:00:09]} O-O {[%emt 0:01:24]} 6. Nd5 {[%emt 0:00:03]} Re8 {[%emt 0:04:41]} 7. Qf5 {[%emt 0:00:05]} d6 {[%emt 0:14:10]} 8. Nxf6+ {[%emt 0:00:05]} Qxf6 {[%emt 0:00:45]} 9. Qxf6 {[%emt 0:00:05]} gxf6 {[%emt 0:00:02]} 10. a3 {[%emt 0:00:06]} Bc5 {[%emt 0:00:23]} 11. b4 {[%emt 0:00:04]} Bb6 {[%emt 0:00:02]} 12. Bb2 {[%emt 0:00:12]} a5 {[%emt 0:04:03]} 13. b5 {[%emt 0:00:02]} Ne7 {[%emt 0:03:23]} 14. d4 {[%emt 0:00:05]} c6 {[%emt 0:07:11]} 15. c5 {[%emt 0:05:04]} dxc5 {[%emt 0:02:20]} 16. dxe5 {[%emt 0:00:02]} a4 {[%emt 0:05:00]} 17. O-O-O {[%emt 0:02:03]} Nd5 {[%emt 0:25:59]} 18. exf6 {[%emt 0:05:53]} Ba5 {[%emt 0:03:33]} 19. Bc4 {[%emt 0:04:16]} Nb6 {[%emt 0:05:05]} 20. Ne5 {[%emt 0:12:57]} Nxc4 {[%emt 0:00:48]} 21. Nxc4 {[%emt 0:00:05]} Be6 {[%emt 0:07:01]} 22. Nxa5 {[%emt 0:03:39]} Rxa5 {[%emt 0:00:05]} 23. bxc6 {[%emt 0:00:02]} bxc6 {[%emt 0:00:15]} 24. Rd6 {[%emt 0:00:05]} Rb5 {[%emt 0:02:20]} 25. Rhd1 {[%emt 0:00:59]} Rb6 {[%emt 0:01:54]} 26. Rxe6 {[%emt 0:06:47]} fxe6 {[%emt 0:00:18]} 27. Rd7 {[%emt 0:00:05]} Rxb2 {[%emt 0:08:40]} 28. f7+ {[%emt 0:01:37]} 1-0

[Event "AUT-ch Open 2020"]
[Site "Graz"]
[Date "2020.02.20"]
[Round "8.11"]
[White "Welling, Gerard"]
[Black "Buonanno, Raffaele"]
[Result "1-0"]
[WhiteElo "2286"]
[BlackElo "2151"]
[Annotator "NA"]
[PlyCount "39"]
[EventDate "2020.02.14"]
[EventType "swiss"]
[EventCountry "AUT"]
[SourceTitle "playchess.com"]
[Source "ChessBase"]
[SourceQuality "1"]
[TimeControl "40/5400+30:1800+30"]

1. d4 {[%emt 0:00:00]} Nf6 {[%emt 0:00:00]} 2. Nf3 {[%emt 0:00:00]} g6 {[%emt 0:00:34]} 3. Nc3 {[%emt 0:00:04]} Bg7 {[%emt 0:00:22]} 4. e4 {[%emt 0:00:05]} d6 {[%emt 0:00:05]} 5. Be3 {[%emt 0:00:04]} a6 {[%emt 0:00:32]} 6. Bd3 {[%emt 0:04:31]} O-O {[%emt 0:00:17]} 7. Qd2 {[%emt 0:01:00]} b5 {[%emt 0:02:16]} 8. a4 {[%emt 0:01:33]} b4 {[%emt 0:03:59]} 9. Ne2 {[%emt 0:00:07]} a5 {[%emt 0:02:07]} 10. Bh6 {[%emt 0:00:32]} Nbd7 {[%emt 0:09:46]} 11. Bxg7 {[%emt 0:01:08]} Kxg7 {[%emt 0:00:03]} 12. e5 {[%emt 0:01:05]} Nd5 {[%emt 0:05:12]} 13. h4 {[%emt 0:06:06]} h5 {[%emt 0:02:15]} 14. e6 {[%emt 0:01:37]} fxe6 {[%emt 0:00:54]} 15. Bxg6 {[%emt 0:00:35]} Kxg6 {[%emt 0:02:17]} 16. Qg5+ {[%emt 0:00:16]} Kh7 {[%emt 0:00:16]} 17. Qxh5+ {[%emt 0:00:09]} Kg8 {[%emt 0:00:06]} 18. Qg6+ {[%emt 0:01:07]} Kh8 {[%emt 0:00:08]} 19. Qh6+ {[%emt 0:02:42]} Kg8 {[%emt 0:00:05]} 20. Qxe6+ {[%emt 0:01:07]} 1-0

[Event "AUT-ch Open 2020"]
[Site "Graz"]
[Date "2020.02.20"]
[Round "8.12"]
[White "Gajek, Radoslaw"]
[Black "Baum, Jonasz"]
[Result "0-1"]
[WhiteElo "2438"]
[BlackElo "2438"]
[Annotator "TA"]
[PlyCount "124"]
[EventDate "2020.02.14"]
[EventType "swiss"]
[EventCountry "AUT"]
[SourceTitle "playchess.com"]
[Source "ChessBase"]
[SourceQuality "1"]

{[%evp 9,124,26,43,36,28,18,41,43,46,25,42,48,47,52,60,48,40,33,38,55,89,88,93,84,81,71,93,66,69,48,57,46,52,52,52,52,72,68,71,51,56,61,112,44,31,0,0,0,0,-122,-134,-120,-58,-57,-17,-37,-4,-154,-159,-159,-159,-179,-168,-246,-253,-244,-232,-266,-255,-263,-251,-300,-263,-227,-220,-218,-216,-274,-274,-274,-270,-289,-256,-328,-321,-322,-300,-436,-470,-455,-463,-408,-411,-572,-572,-552,-540,-579,-576,-572,-572,-550,-536,-536,-529,-496,-479,-943,-889,-1835,-1759,-833,-687,-4137,-4133,-4133,-4133]} 1. e4 c5 2. Nf3 d6 3. d4 cxd4 4. Qxd4 Bd7 5. c4 Nc6 6. Qe3 {B53: Sicilian: 2...d6: Lines with Qxd4.} Nf6 7. Be2 {[#]} Bg4 $146 ({Predecessor:} 7... e6 8. O-O Be7 9. Nc3 O-O 10. h3 Qc7 11. b3 a6 12. Rd1 Bc8 13. Ba3 Nd7 {1-0 (42) Cawdery,D (2426)-Boudaoud,K (2139) Oran 2017}) 8. O-O {White is slightly better.} Bxf3 9. Bxf3 g6 10. Rd1 Qc7 11. Nc3 Bg7 12. c5 dxc5 13. Qxc5 O-O 14. Nd5 Qd6 15. Qxd6 exd6 16. Nxf6+ Bxf6 17. Rxd6 Kg7 18. Rd7 b6 19. Rd6 Nd4 20. Bd1 Rfd8 21. Rxd8 $1 Rxd8 22. Kf1 Nb5 23. Bb3 Na3 24. f4 Bd4 25. Ke2 b5 (25... h5 $14) 26. Bd5 (26. Be3 $16 Nc4 27. Bxc4 Bxe3 28. Kxe3 bxc4 29. e5) 26... f5 $14 27. Kd3 fxe4+ 28. Kxe4 Bf6 {next ...Nc2 is good for Black.} 29. g4 (29. Bd2 $11) 29... Nc2 $1 $17 {[%mdl 1024] Hoping for ...Re8+. Black has strong compensation.} 30. Rb1 {[#]} Re8+ ({Black should try} 30... Nb4 $1 $17 {[%cal Rb4d5]} 31. g5 Nxd5 32. gxf6+ Nxf6+ 33. Kf3 Rd1) 31. Kf3 $15 Nd4+ 32. Kg2 Re2+ 33. Kh3 {Black converts the advantage convincingly.} (33. Kg3 $11) 33... Re1 $17 {aiming for ...Ne2.} 34. g5 {And now f5 would win.} Be7 35. b3 {[#]} Kf8 $1 36. a4 (36. f5 {keeps fighting.} Nxf5 37. Kg2) 36... Ne2 $19 37. axb5 Nxc1 38. Ra1 Bc5 39. Kg4 Rg1+ 40. Kh3 Be3 41. Bc4 Rd1 ({Weaker is} 41... Bxf4 42. Rxa7 Be5 43. b6 $15) 42. Kg4 Bd4 43. Rb1 Kg7 44. Kf3 Re1 45. Kg2 h6 46. h4 h5 47. Bf1 Be3 48. Ra1 {[#]} (48. b6 $142 axb6 49. Ra1) 48... Nd3 $1 {[%mdl 512]} 49. Rxe1 (49. Bxd3 Rxa1) 49... Nxe1+ 50. Kg3 Nc2 51. Kf3 {and if Bd3 works, White does fine.} Bb6 {Black is clearly winning.} 52. Ke4 Nd4 53. Bh3 Nxb5 54. Bd7 Nd6+ 55. Ke5 Nf7+ 56. Ke6 Bf2 57. Be8 Nh8 58. f5 (58. Ke5 $142) 58... Bxh4 59. fxg6 Bxg5 60. Kf5 Be7 61. b4 h4 62. b5 h3 {Accuracy: White = 59%, Black = 95%.} 0-1

[Event "AUT-ch Open 2020"]
[Site "Graz"]
[Date "2020.02.20"]
[Round "8.12"]
[White "Simonetto, Andrea"]
[Black "Frank, Emanuel"]
[Result "0-1"]
[WhiteElo "2158"]
[BlackElo "2286"]
[Annotator "TA"]
[PlyCount "134"]
[EventDate "2020.02.14"]
[EventType "swiss"]
[EventCountry "AUT"]
[SourceTitle "playchess.com"]
[Source "ChessBase"]
[SourceQuality "1"]

{[%evp 11,134,4,19,8,12,6,15,0,12,25,22,22,28,30,34,29,47,10,36,40,37,35,38,23,16,14,20,7,6,14,37,0,0,-14,0,0,0,0,0,0,52,47,35,0,0,0,0,0,-7,0,22,-16,73,85,275,25,25,2,182,176,195,41,44,42,32,-77,-76,-132,-146,-132,-140,-138,-116,-132,-113,-129,-128,-140,-138,-141,-145,-157,-157,-211,-206,-204,-189,-310,-312,-306,-302,-321,-321,-310,-253,-234,0,-328,-330,-296,-308,-489,-501,-603,-539,-535,-509,-629,-456,-1127,-1124,-971,-757,-1068,-1062,-1054,-1038,-1920,-1758,-1679,-1672,-1391,-1262,-1196,-1112]} 1. Nf3 d5 2. e3 Nf6 3. c4 e6 4. b3 Be7 5. Bb2 O-O 6. Nc3 b6 7. cxd5 {A13: English Opening: 1...e6.} Nxd5 8. Nxd5 exd5 9. Rc1 {The position is equal.} c5 {[#]} 10. d4 $146 ({Predecessor:} 10. Be2 Be6 11. O-O Nc6 12. d4 a6 13. Qd2 f6 14. Rfd1 Qd7 15. dxc5 Bxc5 16. Nd4 Nxd4 17. Bxd4 {1-0 (29) Simon,R (2340)-Delay,F Geneve 1990}) 10... Be6 11. Bd3 Nc6 12. O-O a5 13. Bb5 Qd6 14. Qd2 Rfc8 15. Rfd1 Nb4 16. a3 Na6 17. Qe2 Nc7 18. Bd3 a4 19. dxc5 bxc5 20. bxa4 Bd7 21. Ne5 {Strongly threatening Rxc5!} Bxa4 22. Rd2 ({But not} 22. Qh5 $2 g6 $19) 22... Qe6 23. Qf3 g6 $1 24. Ng4 Bc6 25. Qg3 {Threatens to win with Bf5!} Kf8 (25... f5 $11 26. Nh6+ Kf8) 26. Qf4 $14 Ne8 27. h4 $40 {[%mdl 128] White mounts an attack.} (27. e4 $5) 27... Ra4 28. Qe5 $1 {[%cal Re5h8]} Qxe5 29. Nxe5 c4 30. Bc2 Ra5 31. e4 (31. a4 $5) 31... Bxh4 {[#]} (31... Ba8 $11 {keeps the balance.} 32. Bd1 Nf6) 32. Bc3 $1 $16 {[%cal Rc3a5]} Raa8 $2 (32... Ra7 $16 {was called for.}) 33. Nxc6 $2 (33. exd5 $18 Bb7 34. Rb1) 33... Rxc6 $11 34. exd5 Rcc8 $2 (34... Rb6 $11 {and Black is okay.}) 35. Bb4+ Kg7 {Threatening ...Bg5.} 36. g3 $2 (36. d6 $18) 36... Bg5 $1 $14 {[%cal Rg5d2]} 37. f4 Bd8 $1 {[%cal Rd8b6]} 38. Be4 (38. d6 $14 {stays ahead.} Nf6 39. d7 Bb6+ 40. Kg2) 38... Bb6+ $17 39. Kg2 ({White should try} 39. Kf1 Be3 40. d6 Bxd2 41. Bxd2) 39... Be3 {[%mdl 64] [#] ...f5 is the strong threat. Skewer} 40. Rdc2 Bxc1 41. Rxc1 f5 42. Bf3 Ra6 43. Be2 Nd6 44. Kf3 Kf7 45. Ke3 Re8+ 46. Kf3 Re4 47. Rh1 (47. Bf1 $17 {keeps fighting.}) 47... h5 $19 48. Rc1 Ke8 49. Bc5 (49. Bxd6 $142 Rxd6 50. Bxc4) 49... Kd7 50. Kf2 Ra5 51. Bb4 Ra8 ({Much less strong is} 51... Rxd5 52. Bf3 $19) 52. Bc5 Ree8 {White must now prevent ...Ne4+.} 53. Bb4 Re4 (53... Reb8 $142 54. Bf3 Nb5) 54. Bc5 $1 Rc8 55. Bb4 Rd4 56. Bf3 (56. Kg2 $142) 56... Ne4+ {Black is clearly winning.} 57. Bxe4 Rxe4 {[%mdl 4096] Endgame KRR-KRB} 58. d6 Rce8 59. Rc3 Re2+ 60. Kf3 (60. Kf1 $142 R2e4 61. Rc2) 60... R8e4 61. Bc5 Rb2 62. Rc1 Rb3+ 63. Kf2 c3 {[%cal Bc4c3,Bc3c2][%mdl 32]} 64. Bb4 Rb2+ 65. Kf3 c2 66. Kf2 Rc4 67. Ke2 Rb3 {Never resign too early! Accuracy: White = 58%, Black = 79%.} 0-1